书目信息 |
| 题名: |
环境保护与污水处理技术及应用
|
|
| 作者: | 王月琴 , 李鑫鑫 , 钟乃萌 主编 | |
| 分册: | ||
| 出版信息: | 北京 文化发展出版社有限公司 2021.2 |
|
| 页数: | 274页 | |
| 开本: | 24cm | |
| 丛书名: | ||
| 单 册: | ||
| 中图分类: | X , X703.1 | |
| 科图分类: | ||
| 主题词: | 环境保护 , 污水处理--技术方法 | |
| 电子资源: | ||
| ISBN: | 978-7-5142-2603-4 | |
| 000 | 00923nam0 2200277 45 | |
| 001 | 012001000104 | |
| 005 | 20140910145248.0 | |
| 010 | @a978-7-5142-2603-4@dCNY48.00 | |
| 100 | @a20210908e20212019em y0chiy50 ea | |
| 101 | 0 | @achi |
| 102 | @aCN@b110000 | |
| 105 | @aa z 000yy | |
| 106 | @ar | |
| 200 | 1 | @a环境保护与污水处理技术及应用@Ahuan jing bao hu yu wu shui chu li ji shu ji ying yong@f王月琴,李鑫鑫,钟乃萌主编 |
| 210 | @a北京@c文化发展出版社有限公司@d2021.2 | |
| 215 | @a274页@c图@d24cm | |
| 330 | @a本书主要划分为两个部分,一部分是环境保护以及环境监测和评价;另一部分是污水治理工作。 | |
| 606 | 0 | @a环境保护 |
| 606 | 0 | @a污水处理@x技术方法 |
| 690 | @aX@v5 | |
| 690 | @aX703.1@v5 | |
| 701 | 0 | @a王月琴@Awang yue qin@f(1980-)@4主编 |
| 701 | 0 | @a李鑫鑫@Ali xin xin@f(1986-)@4主编 |
| 701 | 0 | @a钟乃萌@Azhong nai meng@f(1984-)@4主编 |
| 801 | 0 | @aCN@bBJSDL@c20211011 |
| 905 | @b1330385-8@dX@e243@f4 | |
| 环境保护与污水处理技术及应用/王月琴,李鑫鑫,钟乃萌主编.-北京:文化发展出版社有限公司,2021.2 |
| 274页:图;24cm |
| ISBN 978-7-5142-2603-4:CNY48.00 |
| 本书主要划分为两个部分,一部分是环境保护以及环境监测和评价;另一部分是污水治理工作。 |
| ● |
| 相关链接 |
|
|
|
|
正题名:环境保护与污水处理技术及应用
索取号:X/243
 
预约/预借
| 序号 | 登录号 | 条形码 | 馆藏地/架位号 | 状态 | 备注 |
| 1 | 1330385 | 213303851 | 第二样本阅览室/ [索取号:X/243] | 在馆 | |
| 2 | 1330386 | 213303860 | 第三借阅区/ [索取号:X/243] | 在馆 | |
| 3 | 1330387 | 213303879 | 第三借阅区/ [索取号:X/243] | 在馆 | |
| 4 | 1330388 | 213303888 | 第三借阅区/ [索取号:X/243] | 在馆 |